000 00807nac a22002777a 4500
001 BR9700857
003 BR-BrBNA
005 20240105121856.0
008 230509b bl.|||m| |||| 00| 0 por d
040 _aBR-BrBNA
_bpor
_cBiblioteca Nacional de Agricultura
072 _aQ52
090 _a8952 BR9700857
100 1 _aCastro, A.C.G.
110 1 _aUniversidade Rural do Estado de Minas Gerais, Vicosa (Brasil)
_911280
245 1 _aSilagem
260 3 _aVicosa, MG (Brasil):
_c1967.
300 _a18 p.
490 _aBoletim - Universidade Rural do Estado de Minas Gerais (Brazil)
_vno. 8
_x
500 _a8 tables; 5 ref.
650 _aSilagem
650 _aSilo
650 _aFermentacao
650 _aEnsilagem
909 _a202312
_bLúcia Elande
_c55
_dLúcia Elande
942 _2AGRIS
_n0
_cMS
999 _c287981
_d287981